000 00320nam a2200133Ia 4500
100 _aSadashiv Ganekar
650 _aGeneral
942 _cBK
654 _aManld shetra vikas kalachi karaj
245 _aManld shetra vikas kalachi karaj
260 _bviderb lok vikas munch
_aNagpur
300 _a60
546 _aMARATHI
999 _c20114
_d20114